[Event "ESP-ch"]
[Site "Palencia"]
[Date "1999.08.23"]
[Round "5"]
[White "Cenal Gutierrez, Ruben"]
[Black "Fernandez Lopez, Francisco"]
[Result "0-1"]
[WhiteElo "2267"]
[BlackElo "2171"]

1.e4 g6 2.d4 Bg7 3.Nc3 c6 4.Bc4 d6 5.Nf3 Nf6 6.Bf4 Qa5 7.Qe2 Bg4 8.Bxf7+ Kxf7
9.e5 Bxf3 10.Qxf3 Nh5 11.Bd2+ Ke8 12.exd6 exd6 13.g4 Nf6 14.Ne4 Qd5 15.O-O Nxe4
16.Rae1 Rf8 17.Rxe4+ Kd8 18.Qe2 Nd7 19.c4 Qg8 20.Re1 Kc7 21.Bf4 Rxf4 22.Rxf4 g5
23.Re4 Rf8 24.b3 d5 25.cxd5 Qxd5 26.Qd3 Rf7 27.f3 Bf8 28.Kg2 Bd6 29.h3 Nf6
30.Re6 h5 31.Kg1 hxg4 32.hxg4 Nd7 33.Kg2 Rh7 34.Rh1 Bf4 35.Qe4 Rxh1 36.Kxh1 Qa5
37.Qe2 Qc3 38.Re4 Qc1+ 39.Kg2 Qc3 40.Kf1 Qa1+ 41.Kg2 Qc3 42.Qc4 Qa5 43.a4 b5
44.axb5 Qxb5 45.Kf2 Qxc4 46.bxc4 Nb6 47.Re7+ Kd6 48.Rxa7 Nxc4 49.Ke2 Kd5
50.Rd7+ Bd6 51.Kd3 c5 52.Rg7 cxd4 53.Rxg5+ Ne5+ 54.Ke2 d3+ 55.Ke3 Bc5+ 56.Kd2 Kd4
57.Rf5 Nc4+ 58.Kd1 Ne3+ 59.Kd2  0-1

[Event "London MSO Masters"]
[Site "London"]
[Date "1999.08.24"]
[Round "4"]
[White "Webb, Laurence"]
[Black "Webster, Andrew"]
[Result "1-0"]
[WhiteElo "2213"]
[BlackElo "2427"]

1.e4 g6 2.d4 Bg7 3.Nc3 c6 4.Nf3 d5 5.h3 Nf6 6.Bd3 dxe4 7.Nxe4 Nxe4 8.Bxe4 Nd7
9.O-O O-O 10.c3 c5 11.Bg5 cxd4 12.Nxd4 Nc5 13.Bc2 a6 14.Re1 Re8 15.Nb3 Qc7
16.Nxc5 Qxc5 17.Qd2 Be6 18.Bh6 Rad8 19.Qg5 Qxg5 20.Bxg5 h6 21.Be3 g5 22.a4 Bd5
23.Rad1 Bc6 24.Bb6 Rxd1 25.Rxd1 e6 26.f3 f5 27.Rd8 Rxd8 28.Bxd8 Kf7 29.Kf2 Bf6
30.Bxf6 Kxf6 31.a5 Ke5 32.g3 h5 33.h4 gxh4 34.f4+ Kd5 35.gxh4 Kc4 36.Bd1 Be8
37.Bf3 Kb5 38.Bxb7 Kxa5 39.Ke3 Kb6 40.Bc8 Bf7 41.Kd4  1-0

[Event "BIH-chT"]
[Site "Bihac"]
[Date "1999.08.25"]
[Round "5"]
[White "Krstic, Uros"]
[Black "Nurkic, Sahbaz"]
[Result "0-1"]
[WhiteElo "2308"]
[BlackElo "2417"]

1.e4 g6 2.d4 Bg7 3.Nc3 c6 4.Nf3 Nf6 5.Bd3 d6 6.h3 O-O 7.O-O Qc7 8.Bf4 Nh5
9.Be3 e5 10.Qd2 Re8 11.a4 Nd7 12.a5 Nf8 13.Rfd1 Ne6 14.Bc4 exd4 15.Nxd4 Nc5
16.f3 d5 17.exd5 Bxh3 18.Nde2 Qe7 19.Bg5 Bf6 20.Bxf6 Qxf6 21.gxh3 Qxf3 22.Qd4 Qxh3
23.Qxc5 Re5 24.Kf2 Qh4+ 25.Kg2 Rg5+ 26.Kf3 Re8 27.Rg1 Rf5+ 28.Kg2 Nf4+ 29.Nxf4 Qxf4  0-1

[Event "Coulsden op"]
[Site "Coulsden"]
[Date "1999.08.29"]
[Round "2"]
[White "Gormally, Daniel"]
[Black "Webster, Andrew"]
[Result "1-0"]
[WhiteElo "2476"]
[BlackElo "2427"]

1.e4 g6 2.d4 Bg7 3.Nc3 c6 4.Bc4 d6 5.Qf3 e6 6.Nge2 b5 7.Bb3 a5 8.a4 b4 9.Nd1 Ba6
10.c3 Nd7 11.Bf4 Qe7 12.e5 dxe5 13.dxe5 Rc8 14.O-O g5 15.Bg3 h5 16.h4 g4
17.Qe3 Bh6 18.f4 Qc5 19.Re1 Ne7 20.Nd4 Nd5 21.Qf2 Bd3 22.Kh1 bxc3 23.Nxc3 Nxc3
24.bxc3 Rf8 25.Rad1 Bc4 26.Qa2 Bxb3 27.Qxb3 Rb8 28.Qc2 Rh8 29.f5 Qc4 30.fxe6 fxe6
31.Qg6+ Ke7 32.Nf5+ exf5 33.Qd6+ Kf7 34.e6+ Kg6 35.exd7+ Kh7 36.Re7+ Bg7
37.Rxg7+ Kxg7 38.Be5+ Kh7 39.Qe7+ Kg6 40.Qg7+  1-0

[Event "Coulsden op"]
[Site "Coulsden"]
[Date "1999.09.01"]
[Round "4"]
[White "Lalic, Bogdan"]
[Black "Webster, Andrew"]
[Result "1-0"]
[WhiteElo "2550"]
[BlackElo "2427"]

1.e4 g6 2.d4 Bg7 3.Nc3 c6 4.f4 d5 5.e5 h5 6.Nf3 Bg4 7.Be3 Nh6 8.h3 Nf5 9.Bf2 Bxf3
10.Qxf3 h4 11.Bd3 e6 12.O-O Bf8 13.Ne2 Be7 14.b3 a5 15.c4 Na6 16.Kh2 Nc7
17.Rfd1 a4 18.c5 axb3 19.axb3 Rxa1 20.Rxa1 Qb8 21.Ng1 Kf8 22.Qe2 Ne8 23.Qa2 f6
24.Qa8 Qxa8 25.Rxa8 fxe5 26.fxe5 Bg5 27.Nf3 Bf4+ 28.Kg1 Bg3 29.Ra7 Rh7 30.Ba6 Rf7
31.Rxb7 Nc7 32.Bd3 Bxf2+ 33.Kxf2 Nxd4 34.Bxg6 Nxf3 35.Bxf7 Nxe5 36.Rxc7 Nxf7
37.Rxc6 Ng5 38.Ke3 e5 39.Rg6 Ne4 40.Re6  1-0

[Event "EU-ch U14"]
[Site "Litohoto"]
[Date "1999.09.07"]
[Round "5"]
[White "Janturin, Artur"]
[Black "Mamedov, Nidjat"]
[Result "1/2-1/2"]
[WhiteElo "2286"]
[BlackElo "2298"]

1.e4 c6 2.d4 g6 3.Nc3 Bg7 4.Be3 d5 5.Be2 dxe4 6.Nxe4 Nh6 7.Ng3 Nf5 8.Nxf5 Bxf5
9.c3 O-O 10.Nf3 Nd7 11.O-O Nf6 12.Re1 Qc7 13.Bc4 Be4 14.Nd2 Bd5 15.Bd3 Rad8
16.Qc2 Ng4 17.Bf1 Nxe3 18.Rxe3 Be6 19.Bc4 Bc8 20.Rd1 e6 21.Bb3 b5  1/2-1/2

[Event "Wch U20"]
[Site "Yerevan"]
[Date "1999.09.18"]
[Round "1"]
[White "Mallahi, Amir"]
[Black "Svetushkin, Dmitry"]
[Result "1-0"]
[WhiteElo "2317"]
[BlackElo "2486"]

1.e4 g6 2.d4 Bg7 3.Nc3 c6 4.Be3 Qb6 5.Rb1 d6 6.f4 Nh6 7.Nf3 d5 8.exd5 Bg4
9.Bd3 cxd5 10.Nxd5 Qa5+ 11.Nc3 Nc6 12.h3 Bxf3 13.Qxf3 Nf5 14.Bxf5 Qxf5 15.Qf2 O-O
16.O-O Rfd8 17.Rbd1 b6 18.Rd2 Rac8 19.Ne2 Nb4 20.Ng3 Qf6 21.f5 Nd5 22.c3 b5
23.Bf4 Nxf4 24.Qxf4 e6 25.Ne4 Qxf5 26.Qh4 Qh5 27.Qe7 g5 28.Rdf2 Rf8 29.Nd6 Rb8
30.Rxf7 Qg6 31.Rxg7+ Qxg7 32.Qxe6+ Kh8 33.Nf7+ Rxf7 34.Rxf7 Qg6 35.Qe5+ Kg8
36.Rg7+  1-0

[Event "Najdorf mem op"]
[Site "Buenos Aires"]
[Date "1999.09.21"]
[Round "1"]
[White "Gastiaburo, Hernan"]
[Black "Tempone, Marcelo"]
[Result "0-1"]
[WhiteElo "2212"]
[BlackElo "2423"]

1.e4 g6 2.d4 Bg7 3.Nc3 c6 4.Bc4 d6 5.Qf3 e6 6.Nge2 b5 7.Bb3 a5 8.a4 b4 9.Nd1 Ba6
10.c3 Nd7 11.O-O d5 12.Re1 Ne7 13.Bg5 O-O 14.Ne3 h6 15.Bh4 g5 16.Bg3 Nf6
17.exd5 cxd5 18.Be5 Ng6 19.Ng3 bxc3 20.bxc3 Rc8 21.Rac1 Rc6 22.Nh5 Nxh5 23.Qxh5 Nf4
24.Bxf4 gxf4 25.Ng4 Qg5 26.Qxg5 hxg5 27.Ne5 Rc7 28.Nf3 Bf6  0-1

[Event "Manhattan CC-ch"]
[Site "New York"]
[Date "1999.09.25"]
[Round "2"]
[White "Feldman, B."]
[Black "Frumkin, Edward"]
[Result "1-0"]
[WhiteElo "2213"]
[BlackElo "2104"]

1.e4 g6 2.d4 Bg7 3.Nc3 c6 4.h3 d5 5.e5 f6 6.f4 Nh6 7.g4 O-O 8.Be3 a5 9.Qd2 Na6
10.O-O-O Nf7 11.Nf3 b5 12.Kb1 a4 13.Bg2 Nc7 14.Ne2 Ra6 15.Nc1 Na8 16.Nd3 Nb6
17.b3 Qc7 18.Bf1 Nd8 19.Be2 Nb7 20.Qc3 Ra7 21.Rhf1 f5 22.g5 e6 23.h4 Rf7
24.h5 Bf8 25.Rh1 Nd8 26.Nc5 Qb8 27.Rh2 axb3 28.cxb3 Qa8 29.Bd3 gxh5 30.Rdd2 Rg7
31.Rxh5 Ra3 32.Qc2 Nc4 33.Re2 Nxe3 34.Rxe3 Rga7 35.Re2 Nf7 36.Rhh2 Nh8 37.Nh4 Ng6
38.Nxg6 hxg6 39.Qd1 Bxc5 40.dxc5 Rg7 41.Rh5 Qa5 42.Reh2 Bd7 43.Rh8+ Kf7 44.Qh1 Qc3
45.Bc2 Qxc5 46.R2h7  1-0

[Event "Popel mem 2nd"]
[Site "Lvov"]
[Date "1999.09.27"]
[Round "5"]
[White "Popovych, Orest"]
[Black "Koziak, Vitali"]
[Result "0-1"]
[WhiteElo "2270"]
[BlackElo "2466"]

1.e4 g6 2.d4 Bg7 3.Nc3 c6 4.f4 d5 5.e5 Nh6 6.Nf3 Bg4 7.h3 Bxf3 8.Qxf3 Qb6
9.Ne2 O-O 10.g4 f6 11.e6 c5 12.Bg2 cxd4 13.f5 Nc6 14.Nf4 Ne5 15.Qxd5 Qb4+
16.Bd2 Qxb2 17.O-O gxf5 18.Rab1 Qxc2 19.Qxd4 fxg4 20.Rfc1 Qxa2 21.Rxb7 gxh3
22.Bd5 Qa3 23.Rc3 Qa1+ 24.Kh2 f5 25.Qb4 Qf1 26.Nxh3 Qe2+  0-1

[Event "Paks 09 IM"]
[Site "Paks"]
[Date "1999.09.28"]
[Round "8"]
[White "Toth, Andras"]
[Black "Brigljevic, Milan"]
[Result "1-0"]
[WhiteElo "2297"]
[BlackElo "2313"]

1.e4 g6 2.d4 Bg7 3.Nc3 c6 4.f4 d5 5.e5 h5 6.Be3 Nh6 7.h3 h4 8.Nf3 e6 9.Bd3 Bf8
10.Qe2 Be7 11.O-O a5 12.Na4 b6 13.b3 Nf5 14.Bf2 Bd7 15.c4 dxc4 16.bxc4 c5
17.Nc3 cxd4 18.Nxd4 Bc5 19.Bxf5 gxf5 20.Rad1 Qe7 21.Nxf5 exf5 22.Nd5 Qd8
23.Bxc5 bxc5 24.Qb2 O-O 25.Nf6+ Kg7 26.Nh5+ Kg6 27.Rd6+ f6 28.Nxf6 Ra6 29.Nxd7+ Rxd6
30.Nxf8+ Qxf8 31.exd6 Qxd6 32.Qf2 Qd4 33.Qxd4 cxd4 34.Rb1  1-0

[Event "SLO-ch"]
[Site "Kranj"]
[Date "1999.10.10"]
[Round "9"]
[White "Gombac, Jan"]
[Black "Basagic, Zlatko"]
[Result "1/2-1/2"]
[WhiteElo "2210"]
[BlackElo "2323"]

1.e4 g6 2.d4 Bg7 3.Nc3 c6 4.Bc4 b5 5.Bb3 b4 6.Nce2 d5 7.exd5 cxd5 8.a3 bxa3
9.Rxa3 Nf6 10.Nf3 O-O 11.O-O Bg4 12.Ne5 Bxe2 13.Qxe2 Qb6 14.Be3 e6  1/2-1/2

[Event "Wichern op 5th"]
[Site "Hamburg"]
[Date "1999.10.15"]
[Round "1"]
[White "Thomaschke, Dirk"]
[Black "Slobodjan, Roman"]
[Result "0-1"]
[WhiteElo "2066"]
[BlackElo "2550"]

1.e4 g6 2.d4 Bg7 3.Nc3 c6 4.f4 d5 5.e5 h5 6.Nf3 Bg4 7.h3 Bxf3 8.Qxf3 e6 9.Bd3 h4
10.O-O Nh6 11.Be3 Bf8 12.Ne2 Nf5 13.Bf2 a5 14.b3 Na6 15.c4 Nc7 16.Kh2 Be7
17.Rfc1 Kf8 18.c5 Na6 19.a3 b6 20.Rab1 Kg7 21.b4 axb4 22.axb4 b5 23.Ng1 Qg8
24.Qe2 Qh7 25.Nf3 Qh6 26.Qd2 Ra7 27.Ra1 Rha8 28.Ra3 Nc7 29.Rxa7 Rxa7 30.Rc3 Ra1
31.Rc1 Ra3 32.Rb1 Na6 33.Kg1 Ng3 34.Bxg3 hxg3 35.Kf1 Qh8 36.Bc2 Rxf3+ 37.gxf3 Qxh3+
38.Qg2 Qh4 39.Ke2 Qxf4 40.Kd3 Bg5 41.Kc3 Qe3+ 42.Bd3 Nxb4 43.Rxb4 Qc1+  0-1

[Event "Wichern op 5th"]
[Site "Hamburg"]
[Date "1999.10.18"]
[Round "5"]
[White "Gelashvili, Tamaz"]
[Black "Hofene, Dieter"]
[Result "1-0"]
[WhiteElo "2531"]
[BlackElo "2170"]

1.e4 g6 2.d4 Bg7 3.Nc3 c6 4.f4 d5 5.e5 h5 6.Nf3 Bg4 7.Bd3 e6 8.Be3 Nh6 9.h3 Bxf3
10.Qxf3 Nf5 11.Bf2 h4 12.O-O Nd7 13.b3 Bf8 14.Ne2 Be7 15.c4 Qb6 16.Rfc1 Kf8
17.Kh2 a6 18.Rc2 Qd8 19.Ng1 Nb6 20.c5 Nc8 21.Qe2 Na7 22.Nf3 Kg7 23.b4 Qd7
24.Qe1 Qd8 25.a4 Rb8 26.Rb2 Ra8 27.Rab1 Qd7 28.Bxf5 gxf5 29.Bxh4 Bxh4 30.Nxh4 Rag8
31.Nf3 Rh6 32.Kg1 Kf8 33.Ng5 Ke7 34.Kf2 Qe8 35.Ke3 Rg7 36.Kd3 Qh8 37.b5 cxb5
38.axb5 Nxb5 39.Rxb5 axb5 40.Rxb5 Qa8 41.Qb4 Kd7 42.Rxb7+ Kc8 43.Rb6 Rh8
44.Qb5 f6 45.exf6 Ra7 46.Qc6+ Qxc6 47.Rxc6+ Kd7 48.Rd6+ Kc8 49.f7  1-0

[Event "Wichern op 5th"]
[Site "Hamburg"]
[Date "1999.10.21"]
[Round "8"]
[White "Weeks, Manuel William"]
[Black "Hennig, Dirk"]
[Result "1/2-1/2"]
[WhiteElo "2245"]
[BlackElo "2430"]

1.e4 g6 2.d4 Bg7 3.Nc3 c6 4.Nf3 d5 5.h3 Nh6 6.Bd3 O-O 7.O-O f6 8.Ne2 Nf7
9.exd5 cxd5 10.c4 dxc4 11.Bxc4 Kh8 12.Nf4 Nc6 13.Be6 Ng5 14.Bxc8 Nxf3+ 15.Qxf3 Qxc8
16.d5 Ne5 17.Qb3 Qd7 18.Ne6 Rfc8 19.Bf4 Nf7 20.Rad1 Bh6 21.Bxh6 Nxh6 22.Rfe1 Nf5
23.Re2 b5 24.Qf3 Qd6 25.Rde1 a5 26.Qd3 Rab8 27.Re4 Rb7 28.Qd2 Rd7 29.Rc1 Rxc1+
30.Qxc1 Qb8 31.Qc6 Rd6 32.Qc5 Qb7 33.Nc7 Rd7 34.Ne6 Rxd5 35.Qc2 Qd7 36.Re1 Nd4
37.Nxd4 Rxd4 38.Qc5 Rd1 39.Qe3 Rxe1+ 40.Qxe1 a4 41.g3 Kg7 42.Kh2 Kf7 43.Qb4 Qd3
44.a3 g5 45.Kg2 h5 46.Kg1 Qc4 47.Qd2 h4 48.g4 Qe4 49.Qc3 Ke6 50.Qc8+ Kd6
51.Qb8+ Kc5 52.Qc7+ Kd4 53.Qc3+ Kd5 54.b4 Qd4 55.Qf3+ Kc4 56.Qc6+ Kb3 57.Qxb5 Kxa3
58.Qc5 Qxb4 59.Qe3+ Kb2 60.Qe2+ Kc3 61.Qe1+ Kc4 62.Qe4+ Kb3  1/2-1/2

[Event "Wch U18"]
[Site "Oropesa del Mar"]
[Date "1999.10.25"]
[Round "2"]
[White "Kokorev, Dmitry"]
[Black "Saric, Ibro"]
[Result "1/2-1/2"]
[WhiteElo "2370"]
[BlackElo "2270"]

1.e4 c6 2.d4 g6 3.Nc3 Bg7 4.Nf3 d6 5.a4 Nf6 6.Be2 O-O 7.O-O Nbd7 8.Re1 Qc7
9.a5 e5 10.Bf1 Re8 11.d5 a6 12.Bc4 b5 13.axb6 Nxb6 14.Bb3 cxd5 15.exd5 Bb7
16.h3 Rac8 17.Be3 Nfd7 18.Qd2 Nc4 19.Bxc4 Qxc4 20.Ra4 Qc7 21.Bh6 Bh8 22.Ng5 Nb6
23.Rh4  1/2-1/2

[Event "Chigorin mem"]
[Site "St Petersburg"]
[Date "1999.11.04"]
[Round "3"]
[White "Yarovik, Yuri"]
[Black "Toporov, Victor"]
[Result "1-0"]
[WhiteElo "2401"]
[BlackElo "2270"]

1.e4 g6 2.d4 Bg7 3.Nc3 c6 4.Nf3 d5 5.h3 dxe4 6.Nxe4 Nd7 7.Bd3 Ngf6 8.Nxf6+ Nxf6
9.O-O O-O 10.c3 c5 11.dxc5 Qc7 12.Qe2 Qxc5 13.Re1 e6 14.Be3 Qh5 15.Bd4 b6
16.Qd2 Qd5 17.Qf4 Nh5 18.Qh4 Qd8 19.Qxd8 Rxd8 20.Be4 Rb8 21.Rad1 Nf6 22.Be5 Ba6
23.Bxb8 Rxb8 24.Bc6 Rc8 25.Ne5 Nh5 26.Bd7 Rc7 27.Ba4 b5 28.Rd8+ Bf8 29.Bb3 Kg7
30.Red1 Bc8 31.Rxc8 Rxc8 32.Rd7 Kf6 33.Ng4+ Kg5 34.Rxf7 b4 35.Bxe6 Rc6 36.Bd7 bxc3
37.bxc3 Rc7 38.g3  1-0

[Event "ch-ESP (team) Div 2"]
[Site "Cala Galdana ESP"]
[Date "1999.11.11"]
[Round "4"]
[White "Garcia Carbo,M"]
[Black "Pons,C"]
[Result "1-0"]
[WhiteElo "2344"]
[BlackElo "2291"]

1.e4 g6 2.d4 Bg7 3.Nc3 c6 4.Nf3 d6 5.Be2 Nf6 6.O-O O-O 7.a4 a5 8.h3 Na6 9.Re1 Nb4
10.Bf4 Nd7 11.Qd2 e5 12.Bg5 f6 13.Bh4 Qc7 14.Bc4+ Kh8 15.Rad1 Nb6 16.Bb3 Bd7
17.dxe5 dxe5 18.Qd6 Na6 19.Qxc7 Nxc7 20.Rd6 Rae8 21.Red1 Be6 22.Nd2 Bxb3
23.Nxb3 Nc4 24.Rd7 Rc8 25.Re7 Rfe8 26.Rdd7 Rxe7 27.Rxe7 b6 28.Nd1 Kg8 29.Kf1 Kf8
30.Rd7 Ne6 31.Ke2 Ke8 32.Rb7 Rd8 33.Ne3 Nxb2 34.Rxb6 Nxa4 35.Rxc6 Kd7 36.Ra6 Nc3+
37.Kd3 Nb5 38.Nd5 Nf4+ 39.Nxf4 exf4 40.f3 Kc7+ 41.Kc4 Na3+ 42.Kc3 Nb5+ 43.Kb2 g5
44.Be1 Rd1 45.Bxa5+ Kd7 46.Nc5+ Ke7 47.c4 Nd4 48.Ra7+ Kf8 49.Bc3 f5 50.Rxg7 Kxg7
51.Bxd4+ Kf7 52.Kc3 g4 53.hxg4 fxg4 54.fxg4 Rc1+ 55.Kb3 Rb1+ 56.Kc2 Rh1 57.Nd3 Rh4
58.c5 Ke7 59.Nxf4 Rxg4 60.Be5 Rg5 61.Bd6+ Kd7 62.Kd3 h5 63.Kd4 h4 64.e5  1-0

[Event "ch-NED (women)"]
[Site "Rotterdam NED"]
[Date "1999.11.11"]
[Round "4"]
[White "De Mie,M"]
[Black "Sziva,E"]
[Result "0-1"]
[WhiteElo "2171"]
[BlackElo "2290"]

1.e4 g6 2.d4 Bg7 3.Nc3 c6 4.h3 d5 5.Nf3 Nh6 6.Bf4 O-O 7.exd5 cxd5 8.Qd2 Nf5
9.Nb5 a6 10.Nc7 e5 11.Nxa8 exf4 12.a4 Nc6 13.a5 Re8+ 14.Kd1 Nfxd4 15.Nxd4 Bxd4
16.Nb6 Bxb2 17.Rb1 Bd4 18.Nxc8 Qxc8 19.Bd3 Qc7 20.Re1 Rc8 21.Re2 Nxa5 22.Qe1 Nc6
23.Re8+ Kg7 24.Rxc8 Qxc8 25.Qe2 Ne5 26.Qd2 f3 27.g4 Bc3 28.Qe3 b5 29.Bxb5 axb5
30.Rxb5 Qc4 31.Rc5 Qf1+ 32.Qe1 Qxe1+  0-1

[Event "ch-ESP (team) Div 2"]
[Site "Cala Galdana ESP"]
[Date "1999.11.13"]
[Round "6"]
[White "Molina Garcia,A"]
[Black "Pons,C"]
[Result "0-1"]
[WhiteElo "2198"]
[BlackElo "2291"]

1.e4 g6 2.d4 Bg7 3.Nc3 c6 4.a4 a5 5.Nf3 d6 6.h3 Nf6 7.Be3 O-O 8.Be2 Qc7 9.O-O e5
10.dxe5 dxe5 11.Qc1 Na6 12.Rd1 Nb4 13.Bc5 Rd8 14.Rxd8+ Qxd8 15.Bc4 Nd7 16.Qd2 h6
17.Be3 Qf8 18.Rd1 Nc5 19.Qe2 Ne6 20.Bb6 Kh7 21.Rd2 Qe7 22.Qd1 Na6 23.Bxe6 Bxe6
24.Bxa5 Qc5 25.Bd8 Qb4 26.Qc1 f5 27.exf5 gxf5 28.a5 e4 29.Nh4 e3 30.fxe3 Rxd8
31.Rxd8 Qxh4 32.Qd2 Be5 33.Re8 Nc7 34.Rb8 Qg3 35.Ne2 Qh2+ 36.Kf2 Bd5 37.e4 fxe4
38.Qe3 c5 39.Rc8 Ne6 40.Re8 Nd4 41.Kf1 Nxe2 42.Qxe2 Qf4+ 43.Kg1 Qc1+ 44.Kf2 e3+  0-1

[Event "ch-NED (women)"]
[Site "Rotterdam NED"]
[Date "1999.11.15"]
[Round "7"]
[White "Bos Swiecik,I"]
[Black "Sziva,E"]
[Result "0-1"]
[WhiteElo "2165"]
[BlackElo "2290"]

1.e4 g6 2.d4 Bg7 3.Nc3 c6 4.f4 d5 5.e5 Nh6 6.Be2 f6 7.Nf3 Bg4 8.h3 Bxf3 9.Bxf3 O-O
10.Be3 e6 11.O-O fxe5 12.fxe5 Nf5 13.Bf2 c5 14.Ne2 cxd4 15.Nxd4 Nxd4 16.Bxd4 Nc6
17.Bc5 Re8 18.c4 dxc4 19.Bxc6 bxc6 20.Qf3 Bf8 21.Qf7+ Kh8 22.Be3 Re7 23.Qf2 Rd7
24.Qf4 Rd3 25.Bf2 Qd5 26.Bh4 Rd2 27.Bf6+ Kg8 28.Qg5 Rb8 29.b3 c3 30.h4 Bh6
31.Qg3 Rd3 32.Qg4 c5 33.Kh1 Rb4  0-1

[Event "Extraliga CZE"]
[Site "Ostrava CZE"]
[Date "1999.11.20"]
[Round "3"]
[White "Michalek,J"]
[Black "Karlik,V"]
[Result "1-0"]
[WhiteElo "2330"]
[BlackElo "2324"]

1.e4 g6 2.d4 Bg7 3.Nc3 c6 4.h3 d6 5.Be3 Nf6 6.f4 O-O 7.g4 b5 8.e5 Nfd7 9.Bg2 b4
10.Nce2 Nb6 11.Nf3 Nd5 12.Bd2 Qb6 13.a3 Nd7 14.axb4 Nxb4 15.Ra4 c5 16.dxc5 dxc5
17.Be3 Rd8 18.Qc1 Ba6 19.Nc3 Qc7 20.Kf2 Bd3 21.Ne1 Bxc2 22.Rxb4 cxb4 23.Nd5 Qc4
24.Qxc2 Qxc2+ 25.Nxc2 b3 26.Na3 Bf8 27.Nb4 a5 28.Nc6 Rdc8 29.Rd1 e6 30.Rxd7 Bxa3
31.bxa3 Kg7 32.a4 Ra6 33.Rb7  1-0

[Event "ch-NED (qualifier KO)"]
[Site "Rotterdam NED"]
[Date "1999.12.04"]
[Round "1.1"]
[White "Van der Poel,H"]
[Black "Van Mil,J"]
[Result "1/2-1/2"]
[WhiteElo "2295"]
[BlackElo "2434"]

1.e4 g6 2.d4 Bg7 3.Nc3 c6 4.f4 d5 5.e5 Nh6 6.Nf3 f6 7.Be2 Bg4 8.Nh4 Bxe2
9.Qxe2 e6 10.exf6 Qxf6 11.Nf3 Nd7 12.O-O Nf5 13.Be3 O-O 14.Bf2 Rae8 15.Rae1 Qd8
16.Qd3 Qb6 17.b3 c5 18.Na4 Qc7 19.dxc5 Qxf4 20.c4 Nf6 21.cxd5 Nxd5 22.Re4 Qc7
23.Qc4 Qd8 24.Rfe1 Nc7 25.Nc3 Qf6 26.Nb5 Nxb5 27.Qxb5 Re7 28.Qc4 Kh8 29.Rxe6 Rxe6
30.Qxe6 h5 31.h3 Rf7 32.Qxf6 Bxf6 33.Re8+ Kg7 34.Ra8 a6 35.c6 bxc6 36.Rxa6 Ne7
37.Bd4 Bxd4+ 38.Nxd4 Rf6 39.Ra7 Kf7 40.a4 Rd6 41.Nf3 Kf6 42.Kf2 Rd3 43.Rb7 Rd1
44.g4 hxg4 45.hxg4 Nd5 46.a5 Ra1 47.g5+ Kf5 48.Nd4+ Ke5 49.Nxc6+ Kd6 50.Nb4 Nxb4
51.Rxb4 Rxa5 52.Rb6+ Ke7 53.Rxg6 Rb5 54.Kg3 Rxb3+ 55.Kg4 Kf7 56.Ra6  1/2-1/2

[Event "ch-NED (qualifier KO)"]
[Site "Rotterdam NED"]
[Date "1999.12.05"]
[Round "1.3"]
[White "Van der Poel,H"]
[Black "Van Mil,J"]
[Result "1-0"]
[WhiteElo "2295"]
[BlackElo "2434"]

1.e4 g6 2.d4 Bg7 3.Nc3 c6 4.Nf3 d5 5.h3 Nh6 6.Be2 O-O 7.O-O f6 8.Bf4 Nf7
9.Bh2 e6 10.Re1 b5 11.exd5 exd5 12.a4 b4 13.Na2 a5 14.c3 bxc3 15.bxc3 Nd6
16.Nd2 Re8 17.c4 dxc4 18.Nxc4 Nf5 19.d5 cxd5 20.Nd6 Nxd6 21.Qxd5+ Kh8 22.Bxd6 Ra7
23.Bb5 Nd7 24.Qf7 Rxe1+ 25.Rxe1 Ne5 26.Qxa7 Qxd6 27.Nc3 Be6 28.Qa8+ Bg8 29.Rxe5 fxe5
30.Bc4 Bf8 31.Bxg8 Kxg8 32.Qxa5 Kf7 33.Ne4 Qd1+ 34.Kh2 Be7 35.Qb5 Ke6 36.Qc6+ Kf7
37.a5 Qd4 38.a6 h5 39.Qb7 g5 40.a7 g4 41.a8=Q g3+ 42.fxg3  1-0

[Event "Eu Team Ch"]
[Site "Batumi GEO"]
[Date "1999.12.06"]
[Round "7"]
[White "Socko,B"]
[Black "Conquest,S"]
[Result "0-1"]
[WhiteElo "2543"]
[BlackElo "2555"]

1.e4 g6 2.d4 Bg7 3.Nc3 c6 4.Be3 Qb6 5.b3 d5 6.exd5 Nf6 7.d6 exd6 8.h3 O-O
9.Nf3 Na6 10.Na4 Qd8 11.Bxa6 Qa5+ 12.Nd2 Qxa6 13.c4 b5 14.Nb2 bxc4 15.bxc4 Rb8
16.Nb3 d5 17.Qc1 dxc4 18.Qxc4 Qa3 19.Nd3 Ba6 20.Qc1 Qxc1+ 21.Nbxc1 Ne4 22.O-O c5
23.f3 Ng3 24.Rd1 Nf5 25.Bf2 Nxd4 26.Nxc5 Ne2+ 27.Nxe2 Bxe2 28.Nd7 Bxd1 29.Rxd1 Rfd8
30.Bh4 f6 31.Rd6 Rb1+ 32.Kh2 Rb6 33.Rxb6 axb6 34.Nxb6 Rd6 35.Na4 Rd4  0-1

[Event "FSIMB December"]
[Site "Budapest HUN"]
[Date "1999.12.11"]
[Round "8"]
[White "Rajlich,V"]
[Black "Vadasz,L"]
[Result "0-1"]
[WhiteElo "2297"]
[BlackElo "2275"]

1.e4 g6 2.d4 Bg7 3.Nc3 c6 4.Nf3 d5 5.exd5 cxd5 6.Bf4 a6 7.Qd2 Nc6 8.Be2 Nf6
9.Bh6 O-O 10.Bxg7 Kxg7 11.Ne5 Qd6 12.Nxc6 Qxc6 13.h4 h5 14.O-O b5 15.a3 Bf5
16.Rac1 Rfb8 17.Rfe1 a5 18.Bf3 b4 19.Nd1 Ra7 20.c4 bxc3 21.Nxc3 Qd7 22.a4 Rb4
23.Nb5 Rb7 24.b3 Bg4 25.Re3 Bxf3 26.Rxf3 Qg4 27.Rc6 Qxh4 28.Ra6 Qe4 29.Qc1 Ng4
30.Rxa5 Rb6 31.Nc3 Qe6 32.Nxd5 Rxd4 33.Nxb6 Qd6 34.Qc3 Qh2+ 35.Kf1 Qh1+  0-1

[Event "ch-ROM"]
[Site "Lasi ROM"]
[Date "1999.12.20"]
[Round "8"]
[White "Parligras,M"]
[Black "Nanu,C"]
[Result "1/2-1/2"]
[WhiteElo "2377"]
[BlackElo "2397"]

1.e4 g6 2.d4 c6 3.Nc3 Bg7 4.f4 d5 5.e5 h5 6.Nf3 Nh6 7.Be3 Bg4 8.h3 Nf5 9.Bf2 Bxf3
10.Qxf3 h4 11.Bd3 e6 12.O-O Na6 13.Ne2 Nb4 14.Bxf5 exf5 15.a3 Na6 16.b3 Qd7
17.c4 Nc7 18.Nc3 Rd8 19.Rfc1 Bf8 20.c5 Be7 21.b4 O-O 22.a4 a6 23.Rab1 Ra8
24.Rb3 Ne6 25.Ne2 Rfb8 26.b5 axb5 27.axb5 Rc8 28.b6 Ra2 29.Ra3 Ra8 30.Rxa8+ Rxa8
31.Qc3 f6 32.Bxh4 fxe5 33.Bxe7 exd4 34.Nxd4 Nxd4 35.Re1 Re8 36.Qg3 Kf7 37.Qh4 Rxe7
38.Qh7+ Kf6 39.Qh8+ Kf7 40.Qh7+  1/2-1/2

[Event "Vikings Masters"]
[Site "York ENG"]
[Date "1999.12.20"]
[Round "8"]
[White "Bhat,V"]
[Black "Bree,T"]
[Result "0-1"]
[WhiteElo "2388"]
[BlackElo "2272"]

1.e4 g6 2.Nc3 Bg7 3.d4 c6 4.h3 d5 5.Nf3 Nh6 6.Bd3 f6 7.O-O Nf7 8.Qe2 O-O
9.Rd1 e6 10.b4 Re8 11.Bb2 Nd7 12.a4 b6 13.Re1 Bb7 14.a5 Rb8 15.axb6 axb6
16.Ra7 dxe4 17.Nxe4 f5 18.Ng3 c5 19.Bc4 Nf8 20.bxc5 bxc5 21.Ba3 Bxf3 22.gxf3 Bxd4
23.Rd1 Qh4 24.Kg2 Ng5 25.Rh1 Rb1 26.Rxb1 Qxh3+ 27.Kg1 Qxg3+ 28.Kf1 Qh3+ 29.Ke1 Nxf3+
30.Kd1 Qh1+ 31.Qf1 Qh4 32.Qe2 Ne5 33.Bd3 c4 34.Bxc4 Nxc4 35.Qxc4 Qg4+ 36.Kd2 Bxa7
37.Qb5 Rd8+ 38.Kc1 Qf4+ 39.Kb2 Rb8  0-1

[Event "ch-COL"]
[Site "Fusagasuga COL"]
[Date "1999.12.21"]
[Round "10"]
[White "Ramirez,Ca"]
[Black "Gamboa,N"]
[Result "1/2-1/2"]
[WhiteElo "2324"]
[BlackElo "2340"]

1.d4 g6 2.e4 Bg7 3.Nc3 c6 4.Nf3 d6 5.a4 Nf6 6.Be2 O-O 7.O-O Bg4 8.Be3 Nbd7
9.a5 e5 10.h3 Bxf3 11.Bxf3 Qe7 12.Re1 Ne8 13.dxe5 dxe5 14.Be2 Nc5 15.Bc4 Nc7
16.Qb1 N5e6 17.Na4 Kh8 18.Qa2 Nd4 19.c3 Nc2 20.Bc5 Qh4 21.Bxf8 Rxf8 22.Nc5 Nxa1
23.Qxa1 f5 24.Qd1 Rd8 25.Qe2 b6 26.axb6 axb6 27.Ne6 Nxe6 28.Bxe6 Qxe4 29.Qxe4 fxe4
30.Kf1 Rd2 31.Re2 Rd6 32.Ba2 Bh6 33.Bb1 Bc1 34.b3 Bd2 35.c4 Bc3 36.Bc2 Kg7
37.g3 Rd8 38.Bxe4 Rd1+ 39.Kg2 c5 40.Re3 Bd4 41.Re2 Ra1 42.Bc2 Rc1 43.Kf3 Kf6
44.h4 Rg1 45.Ke4 Rg2 46.Kf3 Rh2 47.Rd2 h6 48.Be4 g5 49.hxg5+ Kxg5 50.Re2 h5
51.Bc6 Kf6 52.Bd7 Kg5 53.Be8 Rh1 54.Bd7 Rc1 55.Ke4 Rc3 56.Ba4 Rc1 57.Bd7 Rf1
58.Kf3 Rb1 59.Ba4 Rd1 60.Ke4 Rh1 61.Kf3 h4 62.gxh4+ Rxh4 63.Re4 Rh3+ 64.Kg2 Rd3
65.f3 Kf5 66.Bd7+ Kf6 67.Ba4 Be3 68.Kf1 Bf4 69.Kf2 Rd1 70.Re2 Ke7 71.Kg2 Kd6
72.Bb5 Rb1 73.Ba4 Kc7 74.Kh3 Kb7 75.Ra2 Re1 76.Kg4 Rd1 77.Kf5 Rd3 78.Kg4 Rc3
79.Ra1 Be3 80.Rh1 Bd4 81.Kf5 Rxf3+ 82.Ke4 Rf8 83.Rh4 Ka6 84.Rg4 Ka5 85.Rh4 Rf6
86.Rg4 Rh6 87.Kd3 Rh3+ 88.Kd2  1/2-1/2

[Event "Vikings GM"]
[Site "York ENG"]
[Date "1999.12.21"]
[Round "9"]
[White "Hector,J"]
[Black "Hodgson,Ju"]
[Result "0-1"]
[WhiteElo "2505"]
[BlackElo "2605"]

1.e4 g6 2.d4 Bg7 3.Nc3 c6 4.f4 Qb6 5.Nf3 d5 6.e5 Bg4 7.Be2 e6 8.O-O Ne7 9.b3 Nd7
10.Na4 Qc7 11.c4 c5 12.Ba3 dxc4 13.bxc4 Nf5 14.Nxc5 Bf8 15.Qa4 Nxd4 16.Nxd4 Bxc5
17.Bxc5 Qxc5 18.Bxg4 Qxd4+ 19.Kh1 O-O 20.Qb5 Nc5 21.Rad1 Nd3 22.Rd2 Rad8
23.Qxb7 h5 24.Bf3 Qe3 25.Re2 Qxf4 26.Qxa7 Qxc4 27.Re4 Qc2 28.Re2 Qc4 29.Re4 Qc5
30.Qxc5 Nxc5 31.Re2 Rd4 32.Rc1 Nd3 33.Rd1 Rfd8 34.Kg1 Nxe5 35.Rxd4 Nxf3+
36.gxf3 Rxd4 37.Kf2 Ra4 38.Ke3 Kg7 39.Kd3 Kf6 40.Kc3 Ke7 41.Kb3 Rf4 42.Rd2 Rxf3+
43.Kb4 e5 44.a4 e4 45.a5 e3 46.Rc2 Rf2 47.Rc3 Rf4+ 48.Kb5 Rf5+ 49.Kb4 Re5  0-1

[Event "Open"]
[Site "Groningen NED"]
[Date "1999.12.29"]
[Round "10"]
[White "Middelburg,T"]
[Black "Weiss,C"]
[Result "1-0"]
[WhiteElo "2326"]
[BlackElo "2444"]

1.e4 g6 2.d4 Bg7 3.Nc3 c6 4.Be3 d5 5.e5 Nh6 6.Qd2 Nf5 7.Bf4 h5 8.Nf3 Nd7
9.Bd3 Nf8 10.h3 Ne6 11.Bxf5 gxf5 12.Ne2 Nxf4 13.Nxf4 Bh6 14.h4 e6 15.O-O-O Bd7
16.Ng5 Bxg5 17.hxg5 Qxg5 18.Nxh5 Qxd2+ 19.Kxd2 Ke7 20.Nf6 b6 21.g3 c5 22.c3 Rac8
23.b3 a5 24.Rh4 Rhf8 25.f3 c4 26.g4 fxg4 27.fxg4 cxb3 28.axb3 a4 29.g5 axb3
30.g6 Rg8 31.Rg1 b2 32.Nxg8+ Rxg8 33.Kc2 Rxg6 34.Rxg6 Ba4+ 35.Kxb2 fxg6 36.Rh7+ Kf8
37.Kc1 Be8 38.Kd2 g5 39.Rh6 Bf7 40.Ke3 Kg7 41.Rf6  1-0